Estadísticas para Animales de la Granja

Haz click aquí para intentar la prueba.

Estadísticas generales

  • Esta prueba ha sido intentada 106 veces
  • La puntuación promedio es 13 de 18

Estadísticas de respuestas

TipoAnimal% Correcto
MamíferoVaca
100%
AveGallina
98%
AveGallina Pintada
98%
MamíferoCerdo
93%
MamíferoOveja
93%
MamíferoCaballo
87%
MamíferoCabra
82%
MamíferoPerro
78%
AvePato
76%
AvePavo Real
64%
AvePavo
63%
MamíferoBurro
61%
AveGanso
61%
InsectoAbeja
59%
MamíferoConejo
52%
AvePaloma
48%
AveCodorniz
28%
AveFaisán
18%

Distribución de puntuación

Porcentaje por número respondido

Porcentaje de gente con cada puntuación

Historial de tus puntuaciones

No has intentado esta prueba.